000 01024nam a2200241 4500
003 OSt
005 20260530115304.0
008 260420b1984 mx a|||| |||| 00| 0 spa d
040 _aICI
_bspa
_cICI
050 _aTA166
_bE58 1984
100 1 _aPosgrado en Diseño Industrial UNAM
245 1 0 _aLa enseñanza de la ergonomía en México:
_bRelación entre ergonomía y diseno gráfico e industrial, UNAM Posgrado en Diseño Industrial México, D.F. 13 y 14 sep. 1984
264 1 _bUNAM
_c1984
_aMéxico
300 _a180 páginas
336 _atexto
_2rdacontent
337 _asin medio
_2rdamedia
338 _avolumen
_2rdacarrier
500 _aMemoria del evento "la ensenanza de la ergonomia en México / relacion entre ergonomia y diseno grafico e industrial" primer encuentro nacional de los profesores de ergonomia de las varias escuelas de diseno del pais
650 _a Ergonomía
_vCongresos
_931736
650 _aDiseño industrial
_vCongresos
_zMexico
_931737
700 _aFontoura, Ivens
942 _2lcc
_cBK
_n1
999 _c13020
_d13020